Largest 30 Ville Cities in the U.S. - Statistics

General Stats
  • This quiz has been taken 183 times
  • The average score is 13 of 30
Answer Stats
State Population City % Correct
KY 615,924 Louisville
94%
FL 934,477 Jacksonville
93%
NC 71,758 Jacksonville
93%
TN 678,448 Nashville
92%
TN 188,085 Knoxville
78%
NC 213,475 Fayetteville
69%
AR 89,540 Fayetteville
69%
AL 205,472 Huntsville
69%
NC 94,822 Greenville
67%
TN 161,686 Clarksville
57%
IN 117,817 Evansville
56%
IL 149,167 Naperville
52%
NC 93,350 Asheville
48%
TX 183,677 Brownsville
45%
FL 134,661 Gainesville
41%
CA 123,251 Victorville
26%
MA 81,366 Somerville
25%
AR 62,521 Bentonville
24%
CA 146,594 Roseville
24%
CA 102,112 Vacaville
23%
TN 113,760 Lewisville
20%
WI 64,759 Janesville
18%
TN 59,071 Hendersonville
16%
SC 53,887 Summerville
16%
MN 61,693 Burnsville
11%
IN 67,398 Noblesville
10%
UT 59,405 Taylorsville
10%
NC 59,870 Huntersville
7%
TX 67,796 Pflugerville
3%
CA 53,818 Watsonville
3%
No matching quizzes found
Score Distribution
Percent of People with Each Score
Percentile by Number Answered
Your Score History
You have not taken this quiz